Faculty of Law Library — Cairo University

Official Online Catalog

Roscoe's Digest of the law of evidence and the practice in criminal cases (chiefly on indictment)v (Record no. 73999)

MARC details
000 -LEADER
fixed length control field 00973nam a2200289 i 4500
003 - CONTROL NUMBER IDENTIFIER
control field EG-GICUC
005 - DATE AND TIME OF LATEST TRANSACTION
control field 20260428204348.0
008 - FIXED-LENGTH DATA ELEMENTS--GENERAL INFORMATION
fixed length control field 260428s1908 enk||||f |||| 00| 0 eng d
040 ## - CATALOGING SOURCE
Original cataloging agency EG-GiCUC
Language of cataloging eng
Transcribing agency EG-GiCUC
Modifying agency EG-GiCUC
Description conventions rda
082 04 - DEWEY DECIMAL CLASSIFICATION NUMBER
Edition number 21
Classification number 343.39
092 04 - LOCALLY ASSIGNED DEWEY CALL NUMBER (OCLC)
Edition number 21
099 ## - LOCAL FREE-TEXT CALL NUMBER (OCLC)
Classification number Law1 10 343.39 RO . R 1908 1008664 C1
100 1# - MAIN ENTRY--PERSONAL NAME
Personal name Roscoe, Henry,
Dates associated with a name 1800-1836.
Relator term Author.
245 ## - TITLE STATEMENT
Title Roscoe's Digest of the law of evidence and the practice in criminal cases (chiefly on indictment)v
250 ## - EDITION STATEMENT
Edition statement Thirteenth edition /
Remainder of edition statement Herman Cohen.
264 ## - PRODUCTION, PUBLICATION, DISTRIBUTION, MANUFACTURE, AND COPYRIGHT NOTICE
Place of production, publication, distribution, manufacture London :
Name of producer, publisher, distributor, manufacturer Stevens and Sons, Limited,
Date of production, publication, distribution, manufacture, or copyright notice 1908.
300 ## - PHYSICAL DESCRIPTION
Extent 937 pages ;
Dimensions 24 cm
336 ## - CONTENT TYPE
Source rda content
Content type term text
337 ## - MEDIA TYPE
Source rda media
Media type term Computer
338 ## - CARRIER TYPE
Source rda carrier
Carrier type term Online Resource
500 ## - GENERAL NOTE
General note Includes index.
650 1# - SUBJECT ADDED ENTRY--TOPICAL TERM
Topical term or geographic name entry element Evidence, Criminal
Geographic subdivision Great Britain
Source of heading or term qrmak
651 1# - SUBJECT ADDED ENTRY--GEOGRAPHIC NAME
Source of heading or term qrmak
856 40 - ELECTRONIC LOCATION AND ACCESS
Uniform Resource Identifier <a href="https://fll.law.cu.edu.eg/fulltext/bks/B10-08664.pdf">https://fll.law.cu.edu.eg/fulltext/bks/B10-08664.pdf</a>
905 ## - Cataloger and Reviser Names
Cataloger Name: Nora Khalil
942 ## - ADDED ENTRY ELEMENTS (KOHA)
Source of classification or shelving scheme Dewey Decimal Classification
Koha item type Books
Edition 21
Suppress in OPAC No
Holdings
Withdrawn status Lost status Source of classification or shelving scheme Damaged status Not for loan Collection Home library Current library Date acquired Total checkouts Full call number Barcode Date last seen Copy number Price effective from Koha item type
    Dewey Decimal Classification   Not for loan القانون الجنائي جــــامعة القــاهرة مكتبة كلية الحقوق - المبنى الرئيسي 28.04.2026   Law1 10 343.39 RO . R 1908 1008664 C1 B10-08664 28.04.2026 1 28.04.2026 Books

© All rights reserved — Faculty of Law, Cairo University